1096 1210 1511 1535 1133 1463 1704 1188 1491 1894 1711 1837 1115 1621 1401 1338 1974 1253 1242 1777 1694 1718 1663 1315 1531 1802 1585 1887 1122 1137 1292 1020 1025 1749 1062 1643 1766 1154 1267 1583 1678 1039 1022 1964 1432 1669 1577 1989 1963 1870 1263 1782 1874 1458 1404 1940 1425 1344 1904 1593 1408 1060 1951 1587 1787 1939 1969 1079 1656 1984 1579 1142 1902 1452 1795 1142 1306 1188 1251 1170 1231 1089 1830 1042 1706 1546 1950 1288 1175 1658 1786 1174 1002 1349 1137 1292 1629 1570 1550 BCNSPRNW ULIB Ver.6.0+V

เปลี่ยนเป็นภาษาไทย

Change to English
 แสดงรายละเอียดบรรณานุกรม
  กลับหน้าหลัก

Brief Record : Get Marc (ISO 2709) : E-mail record : QR code < ปิดหน้าต่าง
LEADER : 00000nam 2200000uu 4500
001    13399125598
003     ULIB
008    020711s2559 th a 000 0 tha d
060    WL704^bส181ค
110    สถาบันพระบรมราชชนก
245    คู่มือการสอน หลักสูตรความสำคัญในการจัดการความปวด เรื่องการประเมินและการจัดการความปวด/^cสถาบันพระบรมราชชนก
260    นนทบุรี :^bสถาบันพระบรมราชชนก,^c2559
300    150 หน้า;^b21 ซม.
650    การจัดการความปวด
945    ^p0^l0^i002533
รายการนี้ยังไม่มีแท็ก
คุณยังไม่ได้ล็อกอิน คุณสามารถมีกิจกรรมร่วมกับเว็บไซต์ได้ แต่ต้องล็อกอินก่อน ::
  ล็อกอิน

รายการสื่อสารสนเทศ

ลำดับที่ ประเภท เลขเรียก/บาร์โค้ด สถานที่ สถานะ
1. วิทยาศาสตร์การแพทย์ และสุขภาพ
วิทยาศาสตร์การแพทย์ และสุขภาพ
สถานะ=หนังสือเก่า
WL704 ส181ค ฉ.1 
  Barcode: 002533
ห้องสมุดวิทยาเขตสวรรค์ประชารักษ์
►ส่วนจัดเก็บหนังสือเก่า สปร
บนชั้น
  ขอยืม

รายการใกล้เคียง
    หัวเรื่อง [การจัดการความปวด]

BibComment


ยังไม่เคยถูกคอมเมนท์

คอมเมนท์ทรัพยากรรายการนี้
  คอมเมนท์: คู่มือการสอน หลัก..


 Copyright 2026. Bcnsprnw @Library